Motors as generators for micro hydro power / (Record no. 598490)
[ view plain ]
| 000 -LEADER | |
|---|---|
| fixed length control field | 00482nam a2200133Ia 4500 |
| 008 - FIXED-LENGTH DATA ELEMENTS--GENERAL INFORMATION | |
| fixed length control field | 230907s9999||||xx |||||||||||||| ||und|| |
| 082 ## - DEWEY DECIMAL CLASSIFICATION NUMBER | |
| Classification number | 621.46 |
| Author Mark | SMI |
| 100 ## - MAIN ENTRY--PERSONAL NAME | |
| Personal name | Smith, Nigel, |
| 9 (RLIN) | 115470 |
| 245 #0 - TITLE STATEMENT | |
| Title | Motors as generators for micro hydro power / |
| 260 ## - PUBLICATION, DISTRIBUTION, ETC. | |
| Place of publication, distribution, etc. | Practical Action Pub., |
| Name of publisher, distributor, etc. | Rugby, Warwickshire, UK : |
| Date of publication, distribution, etc. | 2014 |
| 300 ## - PHYSICAL DESCRIPTION | |
| Extent | xvii, 89 p. : |
| 650 ## - SUBJECT ADDED ENTRY--TOPICAL TERM | |
| Topical term or geographic name entry element | Handbooks, manuals, etc. Handbooks, manuals, etc. Handbooks, manuals, etc. Handbooks, manuals, etc. |
| 9 (RLIN) | 115471 |
| 942 ## - ADDED ENTRY ELEMENTS (KOHA) | |
| Koha item type | Book |
| Withdrawn status | Lost status | Damaged status | Not for loan | Permanent Location | Current Location | Date acquired | Total Checkouts | Full call number | Barcode | Date last seen | Price effective from | Koha item type |
|---|---|---|---|---|---|---|---|---|---|---|---|---|
| US-Pakistan Center for Advanced Studies in Energy (USPCAS-E) | US-Pakistan Center for Advanced Studies in Energy (USPCAS-E) | 07/19/2019 | 621.46 SMI | CAS-E0002589 | 09/12/2023 | 09/12/2023 | Book |
